<?xml version="1.0" encoding="UTF-8"?><?xml-stylesheet type="text/xsl" href="static/style.xsl"?><OAI-PMH xmlns="http://www.openarchives.org/OAI/2.0/" xmlns:xsi="http://www.w3.org/2001/XMLSchema-instance" xsi:schemaLocation="http://www.openarchives.org/OAI/2.0/ http://www.openarchives.org/OAI/2.0/OAI-PMH.xsd"><responseDate>2026-04-30T05:10:40Z</responseDate><request verb="GetRecord" identifier="oai:uvadoc.uva.es:10324/5633" metadataPrefix="marc">https://uvadoc.uva.es/oai/request</request><GetRecord><record><header><identifier>oai:uvadoc.uva.es:10324/5633</identifier><datestamp>2025-02-17T14:03:17Z</datestamp><setSpec>com_10324_38</setSpec><setSpec>col_10324_852</setSpec></header><metadata><record xmlns="http://www.loc.gov/MARC21/slim" xmlns:doc="http://www.lyncode.com/xoai" xmlns:xsi="http://www.w3.org/2001/XMLSchema-instance" xmlns:dcterms="http://purl.org/dc/terms/" xsi:schemaLocation="http://www.loc.gov/MARC21/slim http://www.loc.gov/standards/marcxml/schema/MARC21slim.xsd">
<leader>00925njm 22002777a 4500</leader>
<datafield tag="042" ind1=" " ind2=" ">
<subfield code="a">dc</subfield>
</datafield>
<datafield tag="720" ind1=" " ind2=" ">
<subfield code="a">Rojo Rojo, Ángelica</subfield>
<subfield code="e">author</subfield>
</datafield>
<datafield tag="260" ind1=" " ind2=" ">
<subfield code="c">2014</subfield>
</datafield>
<datafield tag="520" ind1=" " ind2=" ">
<subfield code="a">En la actualidad, el dolor agudo postoperatorio persiste como un síntoma de elevada&#xd;
prevalencia; actualmente la incidencia de éste en España se sitúa entre un 46% y un&#xd;
53%, incluyendo pacientes sometidos a cirugía ambulatoria. Las principales&#xd;
deficiencias que persisten en el tratamiento de éste se pueden resumir en; una falta de&#xd;
conocimientos por parte del personal sanitario, un monitoreo inadecuado del mismo, así&#xd;
como un mal uso de la analgesia pautada sin una valoración previa de la misma. Un&#xd;
manejo eficiente del dolor agudo postquirúrgico mejoraría las condiciones generales del&#xd;
enfermo, facilitaría una recuperación más rápida y disminuiría la estancia hospitalaria.&#xd;
El objetivo principal de esta revisión bibliográfica es revisar y analizar las distintas&#xd;
posturas existentes sobre la utilización de las escalas de dolor y el impacto de su&#xd;
utilización, así como la importancia de la actuación del personal de Enfermería en&#xd;
relación al dolor postquirúrgico. Como resultado de la misma se observa como las&#xd;
escalas de valoración EVA y ECV, son las más utilizadas, y estandarizadas en la&#xd;
actualidad. Paralelamente a este resultado se observó, cómo el personal de Enfermería&#xd;
tiene un gran protagonismo a la hora de analizar, valorar y tratar el dolor postoperatorio,&#xd;
aunque en la práctica habitual continua siendo una tarea pendiente de este colectivo, al&#xd;
no encontrarse estandarizada ni protocolorizada, ni la valoración ni el tratamiento del&#xd;
dolor postquirúrgico</subfield>
</datafield>
<datafield tag="024" ind2=" " ind1="8">
<subfield code="a">http://uvadoc.uva.es/handle/10324/5633</subfield>
</datafield>
<datafield ind1=" " ind2=" " tag="653">
<subfield code="a">Enfermería quirúrgica</subfield>
</datafield>
<datafield ind1=" " ind2=" " tag="653">
<subfield code="a">Dolor</subfield>
</datafield>
<datafield tag="245" ind1="0" ind2="0">
<subfield code="a">Manejo del dolor: Eficacia de las técnicas de valoración de las pautas análgesicas en pacientes sometidos a cirugía</subfield>
</datafield>
</record></metadata></record></GetRecord></OAI-PMH>